| 000 | 00000nam 2200000zi 4500 |
| 001 | 9.899950 |
| 003 | CaOODSP |
| 005 | 20250107144056 |
| 006 | m o d f |
| 007 | cr |n||||||||| |
| 008 | 210519e19700221oncd obs f000 0 fre d |
| 040 | |aCaOODSP|bfre|erda|cCaOODSP |
| 043 | |an-cn-qu |
| 086 | 1 |aRE22-170/1970F-PDF |
| 100 | 1 |aHiggins, Benjamin, |eauteur. |
| 245 | 14|aLes orientations du développement économique régionale dans la province de Québec / |cpar Benjamin Higgins, Fernand Martin, André Raynauld. |
| 264 | 1|a[Ottawa] : |bMinistère de l'expansion économique régionale, |cle 21 février 1970. |
| 300 | |a1 ressource en ligne (1 volume (en pagination multiple)) : |bgraphiques |
| 336 | |atexte|btxt|2rdacontent/fre |
| 337 | |ainformatique|bc|2rdamedia/fre |
| 338 | |aressource en ligne|bcr|2rdacarrier/fre |
| 500 | |aÉdition numérisée de l'imprimé [par Innovation, Sciences et Développement économique Canada]. |
| 504 | |aComprend des références bibliographiques. |
| 651 | 6|aQuébec (Province)|xConditions économiques|vStatistiques. |
| 651 | 6|aQuébec (Province)|xPolitique économique. |
| 651 | 0|aQuébec (Province)|xEconomic conditions|vStatistics. |
| 651 | 0|aQuebec (Province)|xEconomic policy. |
| 655 | 7|aStatistiques|2rvmgf |
| 655 | 7|aStatistics|2lcgft |
| 710 | 1 |aCanada. |bMinistère de l'expansion économique régionale, |eorganisme de publication. |
| 856 | 40|qPDF|s25279 Ko|uhttps://publications.gc.ca/collections/collection_2024/isde-ised/re22/RE22-170-1970-fra.pdf |